| 000 | 00727nam a2200229 a 4500 | ||
|---|---|---|---|
| 001 | 64474 | ||
| 003 | BD-RjUL | ||
| 005 | 20211209081319.0 | ||
| 008 | 170215s1953 enkb b 001 0 eng | ||
| 035 | _a(BD-RjUL)64604 | ||
| 040 |
_aDLC _cOCedC _dOCoLC _dBD-RjUL _beng |
||
| 041 | _aeng | ||
| 082 |
_a956.7 _223 _bLOI 1953 |
||
| 100 | 1 |
_aLongrigg, Stephen Hemsley. _9191278 |
|
| 245 | 1 | 0 |
_aIraq, 1900 to 1950 : _ba political, social, and economic history / _cStephen Hemsley Longrigg, |
| 260 |
_aLondon : _bOxford University Press, _c1953 [impression 1956] |
||
| 300 |
_ax, 436 p. : _bill, ; _c23 cm. |
||
| 500 | _aInclude index | ||
| 504 | _aBibliography: p. [401]-412. | ||
| 651 | 0 |
_aIraq _xHistory. _9191279 |
|
| 942 |
_2ddc _cBK |
||
| 999 |
_c64474 _d64474 |
||